000 00280nam a2200121Ia 4500
008 240624s9999 xx 000 0 und d
041 _aeng
082 _a823 AHM
100 _aAHMAD A X
245 _aCARETAKER
260 _c2013
_aNew Delhi
_bHarperCollins India
365 _cRS
_b25
999 _c22183
_d22183